| 000 | 01191nam0a22003491 4500 | ||
|---|---|---|---|
| 001 | v19\rc\1295350 | ||
| 005 | 20060306185748.3 | ||
| 035 | _a(NLR Aleph) 004454096 | ||
| 090 |
_a4487062 _c4487062 |
||
| 100 | _a20060306d1865 |||y0rusy50 ca | ||
| 101 | 1 |
_arus _cger |
|
| 102 | _aRU | ||
| 105 | _ay z ||||| | ||
| 200 | 1 |
_aФизиологические картины _fСоч. Лудовика Бюхнера, авт. "Kraft und Stoff" _gПер. с нем. С.А. Усов |
|
| 205 | _a2-е изд. [печ. с изд. 1862 г. без перемен] | ||
| 210 |
_aМосква _cА.И. Глазунов _d1865 |
||
| 215 |
_a[4], 236 с. _d23 |
||
| 700 | 1 |
_6z01790 _aБюхнер _bЛ. _f1824-1899 _gЛюдвиг |
|
| 702 | 1 |
_aУсов _bС. А. _f1827-1886 _gСергей Алексеевич _4730 |
|
| 790 | 1 |
_6z01700 _aБюхнер _bЛ. _f1824-1899 _gЛудовик |
|
| 801 | 0 |
_aRU _bNLR _gpsbo |
|
| 801 | 0 |
_aRU _bRuMoRGB _2psbo |
|
| 801 | 1 |
_aRU _bProSoft-M _2rusmarc |
|
| 852 |
_aNLR _j133/4276 |
||
| 899 |
_aRuMoRGB _jE 57/168 |
||
| 899 |
_aRuMoRGB _jU 373/387 |
||
| 899 |
_aRuMoRGB _jU 311/72 |
||
| 899 | _aГБП | ||
| 899 | _aБАН | ||
| 899 | _aГПИБ | ||
| 942 | _cBOOK | ||
| 980 | _aNB | ||